000 00515nam a2200169Ia 4500
008 090201s9999 xx 000 0 und d
010 _aKPL-33042
040 _bमराठी
041 _aमराठी
082 _a40283
_b33042
100 _aना सी फडके
245 _aती कशी तु कशी
_cना सी फडके
260 _c2004
_bसरीता प्रकाशन
300 _a220
_bमोठा
600 _aती कशी तु कशी
942 _cBOOK
999 _c237550
_d237550